header

Family Bible (Record no. 34432)

MARC details
000 -LEADER
fixed length control field 01819nam a2200433 a 4500
082 04 - DEWEY DECIMAL CLASSIFICATION NUMBER
Classification number 976.1/84063092
-- B
100 1# - MAIN ENTRY--AUTHOR NAME
Personal name Delbridge, Melissa J.,
245 10 - TITLE STATEMENT
Title Family Bible
260 ## - PUBLICATION, DISTRIBUTION, ETC. (IMPRINT)
Place of publication Iowa City :
Name of publisher University of Iowa Press,
Year of publication c2008.
300 ## - PHYSICAL DESCRIPTION
Number of Pages xx, 143 p.
490 1# - SERIES STATEMENT
Series statement Sightline books
505 0# - FORMATTED CONTENTS NOTE
Formatted contents note Hurricane Creek -- Mimosa Park -- Shot rule -- Gun and bait -- Faith of our fathers -- The company we keep -- Under my saddle -- Billy boy -- Baptism -- Body of knowledge -- Girls turned in.
650 #0 - SUBJECT ADDED ENTRY--TOPICAL TERM
Topical Term Teenage girls, White
Topical Term School integration
Topical Term Incest
Topical Term Children of alcoholics
Topical Term Lesbians
856 40 - ELECTRONIC LOCATION AND ACCESS
Uniform Resource Identifier http://site.ebrary.com/lib/rucke/Doc?id=10354432

No items available.

© 2026 Rongo University
Contact us: librarian | system librarian | Rongo university